000 00365 a2200169 4500
001 160999
020 _a85-262-1456-X
040 _cMagnum
100 _aGuimarães Jr., Luís
240 1 0 _aA palavra é... amor
_lpor
245 1 0 _aA palavra é... amor
300 _a88
362 0 _a1991
440 1 _aScipione
697 _aLITERATURA JUVENIL
942 _cBK
999 _c160999
_d160999